[Event "World Open 2009"]
[Site "Philadelphia"]
[Date "2009.06.30"]
[Round "2"]
[White "Gittrich, Dennis"]
[Black "Smirin, Ilia"]
[Result "0-1"]
[WhiteElo "1832"]
[BlackElo "2754"]
[PlyCount "52"]
[EventDate "2009.07.??"]
[EventType "swiss"]
[EventRounds "9"]
[EventCountry "USA"]
[SourceDate "2009.07.02"]

1. d4 Nf6 2. c4 g6 3. Nc3 Bg7 4. e4 d6 5. f3 O-O 6. Be3 Nc6 7. Nge2 a6 8. Qd2
Bd7 9. Bh6 Bxh6 10. Qxh6 b5 11. h4 e5 12. Rd1 bxc4 13. d5 Nb4 14. Ng3 Nc2+ 15.
Kd2 Nd4 16. Bxc4 Bb5 17. Bxb5 axb5 18. b4 Ra3 19. h5 Qa8 20. Nf5 Nxf5 21. exf5
Rxc3 22. hxg6 fxg6 23. fxg6 Ra3 24. Ke1 e4 25. g4 exf3 26. g5 Qe8+ 0-1

[Event "World Open 2009"]
[Site "Philadelphia"]
[Date "2009.06.30"]
[Round "2"]
[White "Potkin, Vladimir"]
[Black "Gerzhoy, Leonid"]
[Result "0-1"]
[WhiteElo "2721"]
[BlackElo "2402"]
[PlyCount "104"]
[EventDate "2009.07.??"]
[EventType "swiss"]
[EventRounds "9"]
[EventCountry "USA"]
[SourceDate "2009.07.02"]

1. d4 d5 2. c4 e6 3. Nc3 Nf6 4. cxd5 Nxd5 5. e4 Nxc3 6. bxc3 c5 7. Nf3 cxd4 8.
cxd4 Bb4+ 9. Bd2 Bxd2+ 10. Qxd2 O-O 11. Bc4 Nc6 12. O-O b6 13. Rfe1 Bb7 14. d5
Na5 15. Bd3 exd5 16. e5 h6 17. Bc2 Ba6 18. Rad1 Rc8 19. h4 Rc7 20. h5 Nb7 21.
Bb1 Nc5 22. Qf4 Bc8 23. Re3 Re8 24. Nd4 Ne6 25. Qf5 Nf8 26. Qf4 Qg5 27. Qxg5
hxg5 28. Nb5 Rc5 29. Nd6 Re7 30. Bf5 Bxf5 31. Nxf5 Rd7 32. Rg3 Ne6 33. Nd4 Nxd4
34. Rxd4 Rc4 35. Rdg4 Rxg4 36. Rxg4 d4 37. Kf1 d3 38. Ke1 Re7 39. Re4 f5 40.
Re3 Kf7 41. Kd2 Ke6 42. Kxd3 Kd5 43. Rg3 g4 44. f4 gxf3 45. Rxf3 Kxe5 46. Rg3
Kf4 47. Rg6 Re3+ 48. Kd4 Rg3 49. Kd5 Rxg6 50. hxg6 b5 51. Kd4 Kg3 52. Kc5 f4
0-1

[Event "World Open 2009"]
[Site "Philadelphia"]
[Date "2009.06.30"]
[Round "2"]
[White "Vaughan, John"]
[Black "Najer, Evgeniy"]
[Result "0-1"]
[WhiteElo "1937"]
[BlackElo "2714"]
[PlyCount "60"]
[EventDate "2009.07.??"]
[EventType "swiss"]
[EventRounds "9"]
[EventCountry "USA"]
[SourceDate "2009.07.02"]

1. c4 e5 2. g3 Nc6 3. Bg2 f5 4. e3 Nf6 5. Nc3 d5 6. cxd5 Nb4 7. d3 Nfxd5 8.
Nge2 Nxc3 9. Nxc3 Nxd3+ 10. Ke2 e4 11. Nxe4 fxe4 12. Bxe4 Nxc1+ 13. Qxc1 c6 14.
Qc4 Qf6 15. Rhd1 Be7 16. Rd4 Rf8 17. f4 Be6 18. Qa4 g6 19. Rad1 Kf7 20. Bf3
Rfd8 21. Qc2 Rxd4 22. Rxd4 Rd8 23. Rxd8 Bxd8 24. a3 Bb6 25. h4 Qe7 26. h5 Qc5
27. Qd2 gxh5 28. Kf2 h4 29. gxh4 Qe7 30. Kg3 Bf5 0-1

[Event "World Open 2009"]
[Site "Philadelphia"]
[Date "2009.07.01"]
[Round "3"]
[White "Potkin, Vladimir"]
[Black "Vaughan, John"]
[Result "1-0"]
[WhiteElo "2721"]
[BlackElo "1937"]
[PlyCount "87"]
[EventDate "2009.07.??"]
[EventType "swiss"]
[EventRounds "9"]
[EventCountry "USA"]
[SourceDate "2009.07.02"]

1. d4 Nf6 2. c4 c5 3. d5 b5 4. cxb5 a6 5. bxa6 Bxa6 6. Nc3 d6 7. Nf3 g6 8. g3
Bg7 9. Bg2 O-O 10. O-O Nbd7 11. Qc2 Qb6 12. Rd1 Rfc8 13. h3 Qb7 14. Rb1 Rab8
15. b3 Qa8 16. e4 Qa7 17. Be3 Qc7 18. a4 Rb4 19. Bd2 Qb8 20. Re1 c4 21. bxc4
Bxc4 22. Rxb4 Qxb4 23. Nb5 Qb3 24. Qxb3 Bxb3 25. a5 Nc5 26. Nfd4 Bc4 27. Na7
Ra8 28. Nac6 Kf8 29. f3 h6 30. Bf1 Bxf1 31. Kxf1 Nfd7 32. Rb1 e6 33. Nb5 exd5
34. exd5 Ne5 35. Nxe5 Bxe5 36. f4 Ne4 37. Be1 Bg7 38. Ke2 f5 39. Nc7 Rc8 40. a6
Rxc7 41. Rb8+ Ke7 42. Rb7 Kd7 43. Ba5 Nc3+ 44. Kd3 1-0

[Event "World Open 2009"]
[Site "Philadelphia"]
[Date "2009.07.02"]
[Round "3"]
[White "Greanias, Steven"]
[Black "Rensch, Daniel"]
[Result "0-1"]
[WhiteElo "2234"]
[BlackElo "2434"]
[PlyCount "72"]
[EventDate "2009.07.??"]
[EventType "swiss"]
[EventRounds "9"]
[EventCountry "USA"]
[SourceDate "2009.07.02"]

1. c4 Nf6 2. Nf3 e6 3. g3 b6 4. Bg2 Bb7 5. O-O Be7 6. d3 O-O 7. e4 d6 8. Nc3 c5
9. a3 Nbd7 10. Ne1 Rb8 11. b4 a6 12. Nc2 Re8 13. f4 Nf8 14. g4 b5 15. bxc5 dxc5
16. cxb5 axb5 17. g5 N6d7 18. Nxb5 Ba6 19. a4 Bxb5 20. axb5 e5 21. Rb1 exf4 22.
Bxf4 Rb6 23. Qf3 Ng6 24. Na3 Nde5 25. Bxe5 Nxe5 26. Qf5 Bxg5 27. Nc4 Rf6 28.
Qh3 Qd4+ 29. Kh1 Nxd3 30. Qh5 Rxf1+ 31. Bxf1 Qxe4+ 32. Kg1 Be3+ 33. Nxe3 Qxe3+
34. Kh1 Qe4+ 35. Kg1 Re5 36. Qh3 Rg5+ 0-1

[Event "World Open 2009"]
[Site "Philadelphia"]
[Date "2009.07.02"]
[Round "3"]
[White "Stocek, Jiri"]
[Black "Gittrich, Dennis"]
[Result "1-0"]
[WhiteElo "2702"]
[BlackElo "1832"]
[PlyCount "67"]
[EventDate "2009.07.??"]
[EventType "swiss"]
[EventRounds "9"]
[EventCountry "USA"]
[SourceDate "2009.07.02"]

1. d4 f5 2. g3 Nf6 3. Bg2 e6 4. c4 d6 5. Nc3 Be7 6. e4 fxe4 7. Nxe4 Nxe4 8.
Bxe4 Nd7 9. Qh5+ Kf8 10. Qe2 Nf6 11. Bg2 Qe8 12. Nf3 a5 13. O-O Qh5 14. Re1 h6
15. Bd2 g5 16. Rac1 Bd7 17. c5 Rh7 18. cxd6 Bxd6 19. Qd3 Re7 20. Ne5 Bxe5 21.
dxe5 Nd5 22. Bxd5 exd5 23. Rxc7 Bc6 24. Rxe7 Kxe7 25. Qh7+ Ke6 26. Qc7 d4 27.
Qd6+ Kf7 28. e6+ Kg8 29. e7 Kh7 30. Qf6 g4 31. Qxd4 Qf5 32. Bc3 Kg6 33. Qg7+
Kh5 34. Re5 1-0

[Event "World Open 2009"]
[Site "Philadelphia"]
[Date "2009.07.02"]
[Round "4"]
[White "Vaughan, John"]
[Black "Bradford, Joseph"]
[Result "0-1"]
[WhiteElo "1937"]
[BlackElo "2459"]
[PlyCount "110"]
[EventDate "2009.07.??"]
[EventType "swiss"]
[EventRounds "9"]
[EventCountry "USA"]
[SourceDate "2009.07.02"]

1. c4 c5 2. g3 g6 3. Bg2 Bg7 4. e3 Nc6 5. Ne2 e5 6. Nbc3 Nge7 7. O-O O-O 8. d3
Rb8 9. Nd5 d6 10. Nec3 a6 11. Rb1 b5 12. b3 Be6 13. Bb2 Qd7 14. Qd2 Bh3 15. f4
Bxg2 16. Qxg2 f5 17. Nxe7+ Nxe7 18. Nd5 Rf7 19. Bc3 Qb7 20. b4 Nxd5 21. cxd5
exf4 22. Bxg7 Rxg7 23. Rxf4 cxb4 24. Rfxb4 Qa7 25. Qf2 Qc5 26. e4 fxe4 27. dxe4
Rf8 28. Qxc5 dxc5 29. R4b2 Re7 30. Re2 Rfe8 31. Rbe1 Re5 32. Kf2 Kf7 33. Kf3
Ke7 34. Ke3 Kd6 35. Kd3 Rf8 36. Re3 Re7 37. R1e2 Ke5 38. Kd2 Rf6 39. Ra3 Ref7
40. h3 c4 41. g4 Rb6 42. Kc2 Rf4 43. Rae3 b4 44. Kb2 a5 45. Kc2 Rb8 46. Rd2 Rd8
47. Rde2 Rd7 48. Kd2 Rf1 49. Re1 Rxe1 50. Kxe1 Kd4 51. Re2 a4 52. Kd2 b3 53.
Kc1 c3 54. e5 Kxd5 55. e6 Re7 0-1

[Event "World Open 2009"]
[Site "Philadelphia"]
[Date "2009.07.03"]
[Round "4"]
[White "Hungaski, Robert"]
[Black "Sloan, Sam"]
[Result "1-0"]
[WhiteElo "2385"]
[BlackElo "1901"]
[PlyCount "73"]
[EventDate "2009.07.??"]
[EventType "swiss"]
[EventRounds "9"]
[EventCountry "USA"]
[SourceDate "2009.07.02"]

1. Nf3 f5 2. d4 Nf6 3. g3 d5 4. Bg2 e6 5. O-O Bd6 6. c4 c6 7. b3 O-O 8. Ba3 Ne4
9. e3 b6 10. Ne5 Ba6 11. f3 Ng5 12. Qc1 h5 13. Bxd6 Qxd6 14. Qa3 Qxa3 15. Nxa3
Nf7 16. Ng6 Re8 17. Nf4 h4 18. gxh4 Nd7 19. Rfe1 Nf6 20. Rac1 Rac8 21. Kf2 Nd6
22. Red1 Kf7 23. Bf1 Rh8 24. cxd5 Bxf1 25. dxe6+ Ke8 26. Rxf1 Rxh4 27. Kg1 g5
28. Ng6 Rh6 29. Ne5 Nd5 30. e4 fxe4 31. fxe4 Nxe4 32. Rce1 Nec3 33. Nf7 Rh4 34.
Nd6+ Kd8 35. Nxc8 Rg4+ 36. Kh1 Kxc8 37. e7 1-0

[Event "World Open 2009"]
[Site "Philadelphia"]
[Date "2009.07.03"]
[Round "4"]
[White "Melekhina, Alisa"]
[Black "Ivanov, Alexander"]
[Result "0-1"]
[WhiteElo "2315"]
[BlackElo "2564"]
[PlyCount "120"]
[EventDate "2009.07.??"]
[EventType "swiss"]
[EventRounds "9"]
[EventCountry "USA"]
[SourceDate "2009.07.02"]

1. e4 g6 2. Nc3 Bg7 3. g3 c5 4. Bg2 Nc6 5. d3 Rb8 6. Be3 d6 7. Qd2 Qa5 8. Nf3
Nd4 9. Nh4 b5 10. O-O b4 11. Nd1 Nf6 12. h3 O-O 13. f4 Nd7 14. f5 Ne5 15. g4
Bb7 16. Bh6 c4 17. Bxg7 Kxg7 18. dxc4 Qc5 19. Kh1 Nxc4 20. Qf2 f6 21. c3 Nc6
22. b3 Qxf2 23. Rxf2 N4e5 24. c4 Nd3 25. Rd2 Nce5 26. Re2 Nf4 27. Re3 g5 28.
Nf3 Nxf3 29. Bxf3 Nxh3 30. Nb2 Nf4 31. Nd3 Nxd3 32. Rxd3 Rbc8 33. Kg2 a5 34.
Kf2 Rc5 35. Bg2 Bc6 36. Rh1 a4 37. Rdh3 Rh8 38. Rb1 axb3 39. axb3 Ra5 40. Rb2
Be8 41. Bf3 Bf7 42. Ke3 Ra3 43. Kd4 Rc8 44. Be2 Ra1 45. Bf3 Rc5 46. Rbh2 Bg8
47. Rh1 Rxh1 48. Rxh1 Ra5 49. Rh2 Ra1 50. Rb2 Ra5 51. Bd1 Bf7 52. Bf3 Kf8 53.
Be2 Ke8 54. Rc2 Kd7 55. Bf3 Kc7 56. Rh2 Bg8 57. Rc2 Kb6 58. Bd1 Ra1 59. Rd2 Rb1
60. Ke3 Kc5 0-1

[Event "World Open 2009"]
[Site "Philadelphia"]
[Date "2009.07.03"]
[Round "5"]
[White "Bhat, Vinay"]
[Black "Homa, Seth"]
[Result "1/2-1/2"]
[WhiteElo "2504"]
[BlackElo "2302"]
[PlyCount "88"]
[EventDate "2009.07.??"]
[EventType "swiss"]
[EventRounds "9"]
[EventCountry "USA"]
[SourceDate "2009.07.02"]

1. d4 d5 2. c4 c6 3. Nc3 dxc4 4. e4 b5 5. a4 b4 6. Na2 Nf6 7. e5 Nd5 8. Bxc4 e6
9. Nf3 a5 10. Bg5 Qb6 11. Nc1 Ba6 12. Qe2 h6 13. Be3 Be7 14. Nb3 Bxc4 15. Qxc4
Nxe3 16. fxe3 Nd7 17. Rc1 Rc8 18. Nfd2 O-O 19. Qe2 c5 20. Nc4 Qc6 21. Ncxa5
Bh4+ 22. Kd1 Qa8 23. Qf3 Qa6 24. Qe2 Qa8 25. Rf1 Bd8 26. Nc4 Qxa4 27. Qd3 cxd4
28. exd4 Bg5 29. Rc2 Qb5 30. Rf3 Qd5 31. Ke1 f6 32. exf6 Bxf6 33. Ne3 Qh5 34.
Rxc8 Rxc8 35. h3 e5 36. d5 Qh4+ 37. Kf1 e4 38. Qa6 Rd8 39. Qe6+ Kh8 40. Nf5 Qh5
41. Qxe4 Ne5 42. g4 Qe8 43. Rf2 Qb5+ 44. Kg2 Qxd5 1/2-1/2

[Event "World Open 2009"]
[Site "Philadelphia"]
[Date "2009.07.03"]
[Round "5"]
[White "Coleman, Teddy"]
[Black "Stocek, Jiri"]
[Result "0-1"]
[WhiteElo "2300"]
[BlackElo "2702"]
[PlyCount "74"]
[EventDate "2009.07.??"]
[EventType "swiss"]
[EventRounds "9"]
[EventCountry "USA"]
[SourceDate "2009.07.02"]

1. d4 Nf6 2. c4 e6 3. Nc3 Bb4 4. f3 c5 5. d5 b5 6. e4 O-O 7. Bd2 bxc4 8. Bxc4
Ba6 9. Qe2 Bxc4 10. Qxc4 exd5 11. exd5 d6 12. Nge2 Nbd7 13. a3 Bxc3 14. bxc3
Ne5 15. Qa6 Qb6 16. Qxb6 axb6 17. Bg5 Nxd5 18. Rd1 Nc7 19. Rxd6 Nc4 20. Rd7 Nb5
21. Kf2 Rfe8 22. Re1 h6 23. Bc1 Nbxa3 24. Nf4 Rxe1 25. Kxe1 Nb5 26. Nd5 Ne5 27.
Rb7 Ra1 28. Kd2 Ra2+ 29. Kd1 Nc4 30. g4 Rxh2 31. f4 Nbd6 32. Rb8+ Kh7 33. Nxb6
Nxb6 34. Rxb6 Ne4 35. c4 Nf2+ 36. Ke2 Nxg4+ 37. Kf3 h5 0-1

[Event "World Open 2009"]
[Site "Philadelphia"]
[Date "2009.07.03"]
[Round "5"]
[White "Deshpande, Anirudda"]
[Black "Vaughan, John"]
[Result "1-0"]
[WhiteElo "2148"]
[BlackElo "1937"]
[PlyCount "101"]
[EventDate "2009.07.??"]
[EventType "swiss"]
[EventRounds "9"]
[EventCountry "USA"]
[SourceDate "2009.07.02"]

1. d4 Nf6 2. c4 e6 3. Nc3 Bb4 4. e3 O-O 5. Bd3 d5 6. Nge2 c5 7. O-O cxd4 8.
exd4 dxc4 9. Bxc4 Nbd7 10. Qb3 Be7 11. d5 exd5 12. Nxd5 Nxd5 13. Bxd5 Nf6 14.
Bf3 h6 15. Be3 Bd6 16. Rfd1 Qe7 17. Rac1 Re8 18. Nc3 Bg4 19. Qxb7 Bxf3 20. Qxf3
Rab8 21. b3 Ba3 22. Rb1 a5 23. h3 Bb4 24. Nd5 Nxd5 25. Rxd5 Rbd8 26. Rbd1 Rxd5
27. Qxd5 Rc8 28. Qf5 Rd8 29. Rc1 Qd7 30. Qxd7 Rxd7 31. Kf1 f5 32. Ke2 g5 33.
Rc4 Kf7 34. Rc2 Kf6 35. Bd2 Re7+ 36. Kf3 Re4 37. Rc6+ Kg7 38. Bxb4 axb4 39. Rc4
Re1 40. Rxb4 Ra1 41. a4 Ra3 42. g3 Kf6 43. Kg2 Ke5 44. Rb5+ Ke4 45. a5 f4 46.
Rb4+ Ke5 47. gxf4+ gxf4 48. Ra4 Rxb3 49. a6 Rb8 50. a7 Ra8 51. Ra5+ 1-0

[Event "World Open 2009"]
[Site "Philadelphia"]
[Date "2009.07.03"]
[Round "5"]
[White "Kraai, Jesse"]
[Black "Yeager, Daniel"]
[Result "1-0"]
[WhiteElo "2531"]
[BlackElo "2378"]
[PlyCount "83"]
[EventDate "2009.07.??"]
[EventType "swiss"]
[EventRounds "9"]
[EventCountry "USA"]
[SourceDate "2009.07.02"]

1. Nf3 d5 2. d4 Nf6 3. c4 c6 4. e3 e6 5. Bd3 dxc4 6. Bxc4 c5 7. O-O a6 8. dxc5
Bxc5 9. Qxd8+ Kxd8 10. Nbd2 Nc6 11. Ng5 Ne5 12. Be2 h6 13. Nge4 Be7 14. b3 Nc6
15. Bb2 Nxe4 16. Nxe4 f6 17. Rac1 Kc7 18. Bf3 Rd8 19. Bd4 e5 20. Bc5 Bxc5 21.
Nxc5 Rd6 22. g4 f5 23. h3 e4 24. Bg2 fxg4 25. hxg4 Bxg4 26. Bxe4 Rad8 27. Rc3
Bc8 28. Kg2 Rf6 29. Rc2 g5 30. Rfc1 Rdd6 31. a3 b6 32. Nd3 Rfe6 33. Nb4 Bb7 34.
Bd5 Rg6 35. e4 a5 36. Nd3 Kd7 37. Bxc6+ Bxc6 38. Ne5+ Kc7 39. Nxg6 Rxg6 40. Kg3
Re6 41. e5 h5 42. f4 1-0

[Event "World Open 2009"]
[Site "Philadelphia"]
[Date "2009.07.03"]
[Round "5"]
[White "Najer, Evgeniy"]
[Black "De Firmian, Nick E"]
[Result "1-0"]
[WhiteElo "2714"]
[BlackElo "2595"]
[PlyCount "61"]
[EventDate "2009.07.??"]
[EventType "swiss"]
[EventRounds "9"]
[EventCountry "USA"]
[SourceDate "2009.07.02"]

1. e4 c5 2. Nf3 d6 3. d4 cxd4 4. Nxd4 Nf6 5. Nc3 a6 6. Bg5 e6 7. f4 Be7 8. Qf3
Qc7 9. O-O-O Nbd7 10. g4 b5 11. Bxf6 Nxf6 12. g5 Nd7 13. f5 Nc5 14. f6 gxf6 15.
gxf6 Bf8 16. Rg1 h5 17. Bh3 Bb7 18. Kb1 b4 19. Nd5 Qa5 20. Rg7 Nxe4 21. Bxe6
Bxd5 22. Bxf7+ Kd8 23. Nb3 Nd2+ 24. Rxd2 Bxf3 25. Nxa5 Rh6 26. Rg6 Kc7 27. Rf2
Bg4 28. Rg5 Rc8 29. Nc4 Kd8 30. b3 Rc7 31. Bd5 1-0

[Event "World Open 2009"]
[Site "Philadelphia"]
[Date "2009.07.03"]
[Round "5"]
[White "Rensch, Daniel"]
[Black "Harmon-Vellotti, Luke"]
[Result "1-0"]
[WhiteElo "2434"]
[BlackElo "1984"]
[PlyCount "109"]
[EventDate "2009.07.??"]
[EventType "swiss"]
[EventRounds "9"]
[EventCountry "USA"]
[SourceDate "2009.07.02"]

1. e4 c5 2. Nf3 d6 3. d4 cxd4 4. Nxd4 Nf6 5. Nc3 a6 6. Be3 e5 7. Nb3 Be6 8. f3
Nbd7 9. g4 Be7 10. Qd2 O-O 11. O-O-O b5 12. Rg1 b4 13. Nd5 Bxd5 14. exd5 Nb6
15. Na5 Nfxd5 16. Nc6 Qc7 17. Nxe7+ Qxe7 18. Bxb6 Nxb6 19. Qxb4 Nc8 20. g5 Qc7
21. Bd3 Ne7 22. h4 Rab8 23. Qe4 g6 24. h5 Qb6 25. b3 Qa5 26. hxg6 fxg6 27. Qc4+
d5 28. Qxa6 Qxa6 29. Bxa6 Rxf3 30. Kb2 Rb6 31. Be2 Rf2 32. Rge1 e4 33. a4 Rg2
34. a5 Rb8 35. a6 Rxg5 36. Ra1 Re5 37. Ra5 Re6 38. c4 d4 39. a7 Ra8 40. Bf3 Nc6
41. Rxe4 Nxa5 42. Rxe6 Rxa7 43. Bd5 Kg7 44. b4 g5 45. bxa5 Rxa5 46. Re7+ Kh6
47. Kc2 Ra3 48. Re4 Kg6 49. Rxd4 h5 50. c5 Ra7 51. c6 Rc7 52. Kd3 Kf6 53. Kc4
g4 54. Kc5 g3 55. Kd6 1-0

[Event "World Open 2009"]
[Site "Philadelphia"]
[Date "2009.07.03"]
[Round "5"]
[White "Sloan, Sam"]
[Black "McLoren, Sean"]
[Result "0-1"]
[WhiteElo "1901"]
[BlackElo "2082"]
[PlyCount "86"]
[EventDate "2009.07.??"]
[EventType "swiss"]
[EventRounds "9"]
[EventCountry "USA"]
[SourceDate "2009.07.02"]

1. g4 d5 2. Bg2 Bxg4 3. c4 Be6 4. Qb3 Nf6 5. Qxb7 Nbd7 6. cxd5 Rb8 7. dxe6 Rxb7
8. exd7+ Qxd7 9. Bxb7 c6 10. Ba6 g6 11. Nf3 Bg7 12. Nc3 O-O 13. Bc4 e6 14. d3
Nd5 15. Bd2 Rb8 16. Bb3 Nb4 17. Rc1 a5 18. h4 h6 19. Rg1 Kh7 20. Rg4 Nd5 21.
Rc4 Nb4 22. Ba4 Nxd3+ 23. exd3 Qxd3 24. Bxc6 Qxc4 25. Bd7 Rxb2 26. Bb5 Qg4 27.
Be2 Qh3 28. Kd1 Qh1+ 29. Be1 Bxc3 30. Rxc3 Rxa2 31. Rc7 Kg7 32. h5 gxh5 33. Ra7
h4 34. Rd7 h3 35. Rd4 h2 36. Rh4 Ra1+ 37. Kd2 Ra2+ 38. Ke3 Ra3+ 39. Kf4 Ra4+
40. Kg3 Rxh4 41. Bc3+ f6 42. Kxh4 Qg1 43. Nxg1 hxg1=Q 0-1

[Event "World Open 2009"]
[Site "Philadelphia"]
[Date "2009.07.04"]
[Round "6"]
[White "Gulamali, Kazim"]
[Black "Stopa, Jacek"]
[Result "0-1"]
[WhiteElo "2403"]
[BlackElo "2528"]
[PlyCount "64"]
[EventDate "2009.07.??"]
[EventType "swiss"]
[EventRounds "9"]
[EventCountry "USA"]
[SourceDate "2009.07.02"]

1. e4 c5 2. Nf3 d6 3. d4 cxd4 4. Nxd4 Nf6 5. Nc3 a6 6. Be2 e6 7. O-O Be7 8. f4
O-O 9. a4 Nc6 10. Kh1 Qc7 11. Be3 Re8 12. Bf3 Bf8 13. Qe2 Na5 14. Rad1 Nc4 15.
Bc1 e5 16. fxe5 dxe5 17. Nf5 Be6 18. Qf2 Bxf5 19. exf5 e4 20. Be2 Bc5 21. Bf4
Bxf2 22. Bxc7 e3 23. Bg3 Nxb2 24. Rb1 Bxg3 25. hxg3 Rac8 26. Rxb2 Rxc3 27. Rxb7
Ne4 28. Kh2 Rxc2 29. Bxa6 Rc6 30. Rf4 Rh6+ 31. Rh4 Rxh4+ 32. gxh4 Nc5 0-1

[Event "World Open 2009"]
[Site "Philadelphia"]
[Date "2009.07.04"]
[Round "6"]
[White "Heinis, Vincent"]
[Black "Sloan, Sam"]
[Result "1-0"]
[WhiteElo "2182"]
[BlackElo "1901"]
[PlyCount "47"]
[EventDate "2009.07.??"]
[EventType "swiss"]
[EventRounds "9"]
[EventCountry "USA"]
[SourceDate "2009.07.02"]

1. e4 e5 2. Nf3 f6 3. Nxe5 fxe5 4. Qh5+ Ke7 5. Qxe5+ Kf7 6. Bc4+ d5 7. Bxd5+
Kg6 8. Qg3+ Qg5 9. Qxc7 Nd7 10. O-O Ngf6 11. Bxb7 Bxb7 12. Qxb7 Bd6 13. d4
Bxh2+ 14. Kxh2 Qh4+ 15. Kg1 Ng4 16. Bf4 Ndf6 17. Nc3 Rhf8 18. Bg3 Qh5 19. e5
Rab8 20. Qf3 Ng8 21. Qc6+ N8f6 22. exf6 Rb6 23. Qe4+ Kxf6 24. Nd5+ 1-0

[Event "World Open 2009"]
[Site "Philadelphia"]
[Date "2009.07.04"]
[Round "6"]
[White "Homa, Seth"]
[Black "Tayar, Jonathan"]
[Result "1-0"]
[WhiteElo "2302"]
[BlackElo "2392"]
[PlyCount "87"]
[EventDate "2009.07.??"]
[EventType "swiss"]
[EventRounds "9"]
[EventCountry "USA"]
[SourceDate "2009.07.02"]

1. e4 c5 2. Nf3 d6 3. d4 Nf6 4. Nc3 cxd4 5. Nxd4 a6 6. Bc4 b5 7. Bb3 e6 8. Bg5
Be7 9. Qf3 Qc7 10. Bxf6 Bxf6 11. O-O-O O-O 12. e5 dxe5 13. Nxe6 fxe6 14. Qxa8
b4 15. Ne4 Be7 16. Ba4 b3 17. Bxb3 Nc6 18. Rd3 Nd4 19. Kb1 Qb6 20. Nc3 Bb7 21.
Na4 Qc6 22. Qa7 Qxg2 23. Rhd1 Bh4 24. Qc5 Nxb3 25. axb3 Bd5 26. Nc3 e4 27. Rxd5
exd5 28. Qxd5+ Kh8 29. Qxe4 Qxf2 30. h3 h6 31. Nd5 Qf3 32. Qd3 Qg2 33. b4 Rf3
34. Qxa6 Qxh3 35. Qc4 Rf8 36. b5 Rc8 37. Qe4 Bg5 38. b6 Qg3 39. Qe6 Qb8 40. Rf1
Rd8 41. Rf7 Re8 42. Qc6 Qe5 43. Ra7 Rd8 44. Ra8 1-0

[Event "World Open 2009"]
[Site "Philadelphia"]
[Date "2009.07.04"]
[Round "6"]
[White "Rensch, Daniel"]
[Black "Perelshteyn, Eugene"]
[Result "0-1"]
[WhiteElo "2434"]
[BlackElo "2588"]
[PlyCount "68"]
[EventDate "2009.07.??"]
[EventType "swiss"]
[EventRounds "9"]
[EventCountry "USA"]
[SourceDate "2009.07.02"]

1. e4 c5 2. Nf3 g6 3. c4 Nc6 4. d4 cxd4 5. Nxd4 Bg7 6. Be3 Nf6 7. Nc3 d6 8. Be2
O-O 9. Qd2 Nxd4 10. Bxd4 Bd7 11. O-O Bc6 12. f3 a5 13. b3 Nd7 14. Be3 Nc5 15.
Rab1 e6 16. Rfd1 Be5 17. Nb5 Qh4 18. g3 Bxg3 19. hxg3 Qxg3+ 20. Kf1 Nxe4 21.
Qd3 f5 22. Nd4 e5 23. Nxc6 bxc6 24. Bg1 Qh3+ 25. Ke1 Qh4+ 26. Kf1 Ng3+ 27. Kg2
Qg5 28. Kf2 e4 29. Qxd6 e3+ 30. Ke1 Rae8 31. f4 Qh4 32. Qxc6 Ne4+ 33. Kf1 Qh1
34. Qd5+ Rf7 0-1

[Event "World Open 2009"]
[Site "Philadelphia"]
[Date "2009.07.04"]
[Round "6"]
[White "Stocek, Jiri"]
[Black "Smith, Bryan G"]
[Result "1-0"]
[WhiteElo "2702"]
[BlackElo "2528"]
[PlyCount "59"]
[EventDate "2009.07.??"]
[EventType "swiss"]
[EventRounds "9"]
[EventCountry "USA"]
[SourceDate "2009.07.02"]

1. d4 Nf6 2. c4 g6 3. Nc3 Bg7 4. e4 d6 5. h3 O-O 6. Bg5 Na6 7. Bd3 Qe8 8. Nge2
e5 9. O-O Nd7 10. Bc2 f5 11. exf5 gxf5 12. Nd5 Qh5 13. f4 Kh8 14. Be7 Rf7 15.
fxe5 dxe5 16. dxe5 Bxe5 17. Qd2 c6 18. Ndf4 Qh6 19. Ba3 Nb6 20. Qd8+ Kg7 21.
Ng3 Bxf4 22. Qd4+ Kg8 23. Rxf4 c5 24. Qe3 Qg7 25. Raf1 Re7 26. Qf2 Nb4 27. Bxb4
cxb4 28. Bxf5 Kh8 29. Bxc8 Rxc8 30. Nh5 1-0

[Event "World Open 2009"]
[Site "Philadelphia"]
[Date "2009.07.04"]
[Round "6"]
[White "Vaughan, John"]
[Black "Gittrich, Dennis"]
[Result "1-0"]
[WhiteElo "1937"]
[BlackElo "1832"]
[PlyCount "79"]
[EventDate "2009.07.??"]
[EventType "swiss"]
[EventRounds "9"]
[EventCountry "USA"]
[SourceDate "2009.07.02"]

1. d4 Nf6 2. c4 e6 3. Nc3 Bb4 4. e3 Ne4 5. Qc2 f5 6. Bd3 d5 7. Nh3 O-O 8. O-O
Nxc3 9. bxc3 Bd6 10. cxd5 exd5 11. c4 dxc4 12. Bxc4+ Kh8 13. Bd2 Nc6 14. a3 f4
15. Nxf4 Bxf4 16. exf4 Nxd4 17. Qb2 c5 18. Be3 Qf6 19. Kh1 Bd7 20. Bd5 Bc6 21.
Bxc6 bxc6 22. Rac1 Rab8 23. Qa2 Ne6 24. Rc2 Nxf4 25. Rxc5 Rb2 26. Qc4 Nd5 27.
Bd4 Qf4 28. Bxb2 Qxc4 29. Rxc4 Ne3 30. Rcc1 Nxf1 31. Rxf1 Rb8 32. Bd4 Rb3 33.
Ra1 a6 34. g3 Kg8 35. Kg2 Kf7 36. h4 g6 37. a4 Ke6 38. Be3 Rb7 39. Rc1 Kd5 40.
Rc5+ 1-0

[Event "World Open 2009"]
[Site "Philadelphia"]
[Date "2009.07.04"]
[Round "7"]
[White "Privman, Boris"]
[Black "Vaughan, John"]
[Result "1-0"]
[WhiteElo "2203"]
[BlackElo "1937"]
[PlyCount "91"]
[EventDate "2009.07.??"]
[EventType "swiss"]
[EventRounds "9"]
[EventCountry "USA"]
[SourceDate "2009.07.02"]

1. d4 Nf6 2. c4 g6 3. f3 Bg7 4. e4 d6 5. Nc3 Nc6 6. Be3 O-O 7. Nge2 e5 8. d5
Ne7 9. Qd2 Nh5 10. g4 Nf4 11. Nxf4 exf4 12. Bxf4 f5 13. Be2 Rf7 14. Bg3 Bd7 15.
O-O-O a6 16. Kb1 Qb8 17. c5 b5 18. c6 b4 19. Na4 Be8 20. Rc1 Nc8 21. Bc4 a5 22.
Qd3 f4 23. Bf2 Re7 24. Ba6 Nb6 25. Nxb6 cxb6 26. Bb7 Rxb7 27. cxb7 Qxb7 28. Bd4
Bf8 29. Rc2 Rb8 30. Rhc1 Ra8 31. Rc7 Qb8 32. h4 Qd8 33. g5 Bd7 34. Qd2 Rc8 35.
Rxc8 Bxc8 36. Qxf4 Ba6 37. Qe3 Qd7 38. Bxb6 Qb5 39. Bd4 a4 40. b3 Be7 41. Qd2
Bd8 42. bxa4 Qxa4 43. Bb2 b3 44. a3 Qb5 45. Qc3 Kf8 46. Qh8+ 1-0

[Event "World Open 2009"]
[Site "Philadelphia"]
[Date "2009.07.04"]
[Round "7"]
[White "Smith, Bryan G"]
[Black "Kraai, Jesse"]
[Result "0-1"]
[WhiteElo "2528"]
[BlackElo "2531"]
[PlyCount "106"]
[EventDate "2009.07.??"]
[EventType "swiss"]
[EventRounds "9"]
[EventCountry "USA"]
[SourceDate "2009.07.02"]

1. e4 e6 2. Nf3 d5 3. Nc3 Nf6 4. e5 Nfd7 5. d4 c5 6. dxc5 Nc6 7. Bf4 Bxc5 8.
Bd3 f6 9. exf6 Nxf6 10. Qe2 O-O 11. O-O-O Nh5 12. Be3 Nf4 13. Bxf4 Rxf4 14. g3
Rf8 15. h4 h6 16. Nh2 Rxf2 17. Qh5 Nb4 18. Ng4 Nxd3+ 19. cxd3 Rf5 20. Qg6 Kh8
21. Ne4 Be7 22. Kb1 Bd7 23. Ng5 Bxg5 24. hxg5 Qxg5 25. Nxh6 Qxg6 26. Nxf5+ Qh7
27. Ne7 g5 28. Ng6+ Kg7 29. Rxh7+ Kxh7 30. Ne5 Be8 31. Rc1 Kg7 32. Rc7+ Kf6 33.
d4 Kf5 34. Kc2 Ke4 35. Kc3 a5 36. Re7 Rc8+ 37. Kd2 g4 38. Rxe6 Kxd4 39. Re7 Bh5
40. Rh7 Kxe5 41. Rxh5+ Ke4 42. Rg5 Kf3 43. Rxd5 Kxg3 44. Rxa5 Rg8 45. Re5 Kh2
46. Rh5+ Kg1 47. Rh7 g3 48. Rxb7 g2 49. Rf7 Kh2 50. Rf2 Kh3 51. Rxg2 Rxg2+ 52.
Kc3 Kg4 53. a4 Kf5 0-1